000 01002nam a22003377a 4500
001 0048804
003 KOHA_MİRAKIL
005 20260207003628.0
007 ta
008 150624b2008 tu |||gr||||#||||0|tur |
020 _a9750207084
020 _a
_a 9789750207082
040 _aTR-BiSEU
_btur
_cTR-BiSEU
_erda
041 0 _atur
044 _ctu
050 _aQA276.A2
_bT45 2008
100 1 _aTekin, Vasfi Nadir.
245 1 _aİstatistiğe giriş/
_cVasfi Nadir Tekin ; Vasfi Nadir Tekin.
250 _a2. Baskı
264 1 _aAnkara :
_bSeçkin Yayıncılık
_c2008
300 _a312 sayfa: şekil, çizelge; 24 cm.
336 _ametin
_btxt
_2rdacontent
337 _aaracısız
_bn
_2rdamedia
338 _acilt
_bnc
_2rdacarrier
490 1 _aEkonomi Kitapları dizisi ;
_v25.
500 _aKaynakça var.
650 0 _aMatematiksel istatistik.
_916227
650 0 _aMathematical statistics.
_93974
830 1 _aEkonomi Kitapları dizisi ;
_v25.
_952191
942 _2lcc
_cBK
999 _c48643
_d48643